[Event "St Raphael op"]
[Site "St Raphael"]
[Date "1998.??.??"]
[Round "?"]
[White "Komarov, Dimitri"]
[Black "Lepelletier, Benoit"]
[Result "1-0"]
[WhiteElo "2580"]
[BlackElo "2455"]

1.d4 Nf6 2.Nf3 e6 3.c4 b6 4.a3 Bb7 5.Nc3 g6 6.Qc2 Bg7 7.e4 O-O 8.Be2 d5 9.cxd5 exd5
10.e5 Ne4 11.Be3 Nd7 12.Bd3 Nxc3 13.bxc3 c5 14.O-O Qc7 15.Qb1 Rfc8 16.h4 Nf8
17.h5 Ne6 18.Ng5 Nxg5 19.Bxg5 Qd7 20.hxg6 hxg6 21.Bd2 cxd4 22.cxd4 Rc4 23.Qb2 Rac8
24.f3 Bf8 25.Bxc4 dxc4 26.Qc3 Rd8 27.Be3 Qa4 28.Rfb1 Be7 29.Kf2 Bd5 30.Rh1 Qb3
31.Qc1 Qd3 32.Rh2 f5 33.Qh1 f4 34.Bxf4 Qxd4+ 35.Kg3 Kf7 36.Rd1 Qc5 37.Rh7+ Ke8
38.Qh6 Kd7 39.Rxe7+ Kxe7 40.Bg5+ Kd7 41.Bxd8  1-0

[Event "SVK-chT2b 9798"]
[Site "SVK"]
[Date "1998.??.??"]
[Round "?"]
[White "Hanko, Pavel"]
[Black "Dekany, Lajos"]
[Result "1-0"]
[WhiteElo "2200"]
[BlackElo "2230"]

1.d4 Nf6 2.Nf3 e6 3.c4 b6 4.a3 Bb7 5.Nc3 Be7 6.d5 exd5 7.cxd5 O-O 8.e4 d6
9.Be2 Re8 10.O-O Bf8 11.Qc2 Nbd7 12.Nd4 Nc5 13.Bb5 Ncd7 14.Bg5 Be7 15.Bc6 Bxc6
16.Nxc6 Qc8 17.f4 Bf8 18.Rae1 h6 19.Bh4 Nh7 20.e5 Nb8 21.e6 fxe6 22.Nxb8 Rxb8
23.dxe6 Be7 24.Bxe7 Rxe7 25.Nb5 Qb7 26.Nd4 Rbe8 27.Nc6 Nf6 28.f5 b5 29.b4 Qb6+
30.Kh1 Kf8 31.Nxe7 Rxe7 32.Qf2 Qxf2 33.Rxf2 c5 34.Rd2 Ne8 35.bxc5 dxc5 36.Rd5 Rc7
37.Rc1  1-0

[Event "SVK-chT 9899"]
[Site "SVK"]
[Date "1998.??.??"]
[Round "1"]
[White "Hanko, Pavel"]
[Black "Priehoda, Vitezslav"]
[Result "1/2-1/2"]
[WhiteElo "2245"]
[BlackElo "2370"]

1.d4 Nf6 2.Nf3 e6 3.c4 b6 4.a3 Ba6 5.Qc2 c5 6.d5 exd5 7.cxd5 g6 8.Nc3 Bg7
9.g3 O-O 10.Bg2 d6 11.O-O Re8 12.Re1 Nbd7 13.a4 Qc7 14.Bf4 Re7 15.Rad1 Rae8
16.e4 Ng4 17.Bf1 Bxf1 18.Kxf1 Nde5 19.Nxe5 Nxe5 20.Bxe5 Bxe5 21.Nb5 Qd7 22.f4 a6
23.fxe5 axb5 24.exd6 Re5 25.axb5 Qxb5+ 26.Kf2 Qd7 27.b4 Qxd6 28.bxc5 bxc5
29.Rc1 Rc8 30.Qc4 h5 31.Ra1 h4 32.Ra6 Qd7 33.Kg2 Rb8 34.Qc3 Rbe8 35.Qxc5 Qg4
36.Ra4 h3+ 37.Kf2 f5 38.Ra3 fxe4 39.Rae3 Qf5+ 40.Kg1 Rf8 41.R3e2 Rxd5 42.Qc4 e3
43.Rd1 Rc8 44.Rxd5 Rxc4 45.Rxf5 gxf5 46.Rxe3 Kf7 47.Kf2 Kf6 48.Kf3 Kg5 49.Re8 Rc3+
50.Re3 Rc1 51.Re2 Rf1+  1/2-1/2

[Event "SVK-chT 9798"]
[Site "SVK"]
[Date "1998.??.??"]
[Round "5"]
[White "Pal, Peter"]
[Black "Debnar, Lubos"]
[Result "1-0"]
[WhiteElo "2225"]
[BlackElo "2280"]

1.d4 Nf6 2.c4 e6 3.Nf3 b6 4.a3 Bb7 5.Nc3 d5 6.cxd5 Nxd5 7.e3 Be7 8.Bb5+ c6
9.Nxd5 exd5 10.Be2 Nd7 11.O-O O-O 12.b3 Bd6 13.Bb2 Qe7 14.Qd3 a5 15.Rac1 f5
16.g3 Rae8 17.Kh1 f4 18.gxf4 Bxf4 19.Rg1 Bd6 20.Rg2 Rf6 21.Rcg1 g6 22.Ng5 Nf8
23.Qc2 Bxa3 24.Bxa3 Qxa3 25.Bd3 Re7 26.Nxh7 Kxh7 27.Bxg6+ Kh6 28.Rg4 Qd6
29.Bf7  1-0

[Event "SVK-chT 9899"]
[Site "SVK"]
[Date "1998.??.??"]
[Round "6"]
[White "Debnar, Lubos"]
[Black "Vojtek, Vladimir"]
[Result "0-1"]
[WhiteElo "2280"]
[BlackElo "2335"]

1.d4 Nf6 2.c4 e6 3.Nf3 b6 4.a3 Ba6 5.Qc2 Bb7 6.Nc3 c5 7.dxc5 bxc5 8.e4 d6
9.Be2 Nc6 10.Be3 Be7 11.O-O O-O 12.h3 Rc8 13.Rfd1 Qc7 14.Rab1 e5 15.Nd5 Nxd5
16.cxd5 Nd4 17.Nxd4 exd4 18.Bf4 f5 19.Bc4 fxe4 20.Qxe4 Rce8 21.Bb5 Rd8 22.b4 Bc8
23.Rbc1 Bf5 24.Qxd4 Qb6 25.Qc4 Rb8 26.Bc6 cxb4 27.Qxb4 Qxb4 28.axb4 Rxb4
29.Bg3 Rfb8 30.Kf1 a6 31.Rc3 g6 32.Ra3 Rb3 33.Rxb3 Rxb3 34.Ke2 Kf7 35.Bf4 g5
36.Bg3 h5 37.Rd2 h4 38.Bh2 Bf8 39.f4 g4 40.hxg4 Bxg4+ 41.Kf2 Bg7 42.f5 Bh6
43.Re2 Bxe2 44.Kxe2 Bf8 45.Bf4 Rb4 46.Kf3 Be7 47.Bd7 a5 48.Bd2 Rb3+ 49.Ke4 Rg3
50.Be6+ Kg7 51.Bxa5 Rxg2 52.Kf3 Rg3+ 53.Kf2 Bf6 54.Bc7 Bd4+ 55.Ke2 h3  0-1

[Event "SVK-chT 9798"]
[Site "SVK"]
[Date "1998.??.??"]
[Round "7"]
[White "Timoshchenko, Gennadi A"]
[Black "Vavrak, Peter"]
[Result "1/2-1/2"]
[WhiteElo "2520"]
[BlackElo "2210"]

1.Nf3 Nf6 2.d4 e6 3.c4 b6 4.a3 Ba6 5.Qc2 Bb7 6.Nc3 c5 7.e4 cxd4 8.Nxd4 Nc6
9.Nxc6 Bxc6 10.Bf4 Bc5 11.Rd1 a5 12.Be2 O-O 13.O-O Qe7 14.e5 Nh5 15.Bxh5 Qh4
16.Bg3 Qxh5 17.Na4 Qg6 18.Qxg6 hxg6 19.Nxc5 bxc5 20.f3 Rfb8 21.Rd2 Rb3 22.Re1 Rab8
23.Ree2 Ba4 24.Bh4 R3b7 25.Be7 Bb3 26.Bd6 Bxc4 27.Bxb8 Bxe2 28.Bd6 Bb5 29.Bxc5 Rc7
30.b4 f6 31.f4 Kf7 32.Kf2 g5 33.exf6 axb4 34.axb4 Kxf6 35.fxg5+ Kxg5 36.Ke3 Rc8
37.Kd4 Kf5 38.Rf2+ Kg6 39.Ke5 Rh8 40.h3 Rh5+ 41.Kd6 Rd5+ 42.Ke7 e5 43.Rf3 e4
44.Rg3+ Rg5 45.Rxg5+ Kxg5 46.Be3+ Kh4 47.Bf2+ Kg5 48.g3 Bf1 49.h4+ Kg4 50.Kxd7 Kf3
51.Be1 e3 52.Ke7 Ke2 53.Bc3 Kd3 54.Be1 Ke2  1/2-1/2

[Event "Tatry op"]
[Site "Tatranska Lomnica"]
[Date "1998.??.??"]
[Round "2"]
[White "Koutsin, Sergey"]
[Black "Kostelny, Jozef"]
[Result "1-0"]
[WhiteElo "2415"]
[BlackElo "2190"]

1.d4 Nf6 2.c4 e6 3.Nf3 b6 4.a3 c5 5.d5 exd5 6.cxd5 d6 7.Nc3 Be7 8.e4 O-O
9.h3 a6 10.a4 Nbd7 11.Bf4 Rb8 12.Nd2 Re8 13.Be2 Nf8 14.O-O Ng6 15.Bg3 Bf8
16.Rb1 Qc7 17.Re1 Bb7 18.f4 Rbc8 19.b3 Ne7 20.Rc1 g6 21.Nc4 Red8 22.Bf3 Ba8
23.Qd3 Qb8 24.Kh1 b5 25.axb5 axb5 26.Nd2 b4 27.Nd1 Bg7 28.Nc4 Nd7 29.Nde3 Nb6
30.Bh4 Re8 31.f5 gxf5 32.exf5 Bd4 33.Nc2 Nxc4 34.bxc4 Be5 35.Ne3 Kf8 36.Ng4 Ng8
37.f6 Bc3 38.Rf1  1-0

[Event "BCF-ch"]
[Site "Torquay"]
[Date "1998.??.??"]
[Round "3"]
[White "Gormally, Daniel"]
[Black "Conquest, Stuart"]
[Result "1-0"]
[WhiteElo "2415"]
[BlackElo "2480"]

1.d4 Nf6 2.c4 e6 3.Nf3 b6 4.a3 Bb7 5.Nc3 g6 6.d5 exd5 7.cxd5 Bg7 8.e4 Qe7
9.Bg5 h6 10.Bxf6 Bxf6 11.Rc1 O-O 12.Bd3 Bxc3+ 13.Rxc3 Bxd5 14.O-O Bxe4 15.Bxe4 Qxe4
16.Rxc7 Qf4 17.Qc1 Qxc1 18.Rfxc1 Re8 19.Kf1 Kg7 20.Nd4 Na6 21.Rxd7 Nc5 22.Rd5 Rad8
23.Rxd8 Rxd8 24.Nf3 Kf6 25.h4 Rd3 26.Rc2 Ne6 27.Rc4 Rb3 28.Rc2 Rd3 29.Rc4 Rb3
30.Rc2 Kf5 31.Nd2 Rd3 32.Nc4 Ke4 33.g3 Nd4 34.Rc1 Ne6 35.Re1+ Kd5 36.Ne5 Rd2
37.Nxf7 Nc5 38.Re2 Rd1+ 39.Kg2 h5 40.Nh8 Nd3 41.Nxg6 Ne1+ 42.Kh3 Nf3 43.Re3  1-0

[Event "Villa Ballester op"]
[Site "Villa Ballester"]
[Date "1998.??.??"]
[Round "7"]
[White "Minzer, Claudio Javier"]
[Black "Caputo, Juan"]
[Result "1/2-1/2"]
[WhiteElo "2380"]
[BlackElo "2310"]

1.d4 Nf6 2.c4 e6 3.Nf3 b6 4.a3 Bb7 5.Nc3 Ne4 6.Nxe4 Bxe4 7.Nd2 Bb7 8.e4 Qf6
9.d5 Bc5 10.Qf3 Qxf3 11.Nxf3 f5 12.Bd3 fxe4 13.Bxe4 O-O 14.O-O exd5 15.Bxd5+ Bxd5
16.cxd5 a5 17.b3 Rf5 18.Rd1 Na6 19.Be3 Re8 20.Bxc5 Nxc5 21.b4 axb4 22.axb4 Ne4
23.Rac1 Rc8 24.Re1 Nf6 25.d6 c6 26.Re5 Rxe5 27.Nxe5 Re8 28.f4 Ra8 29.g4 Ra7
30.b5 c5 31.Rd1 Kf8 32.Rd3 Ke8 33.g5 Nh5 34.Rh3 Ra1+ 35.Kf2 Ra2+ 36.Kf1 Ra1+
37.Kf2  1/2-1/2

[Event "Villa Ballester op"]
[Site "Villa Ballester"]
[Date "1998.??.??"]
[Round "9"]
[White "Minzer, Claudio Javier"]
[Black "Dickau, Daniel"]
[Result "1-0"]
[WhiteElo "2380"]
[BlackElo "2120"]

1.Nf3 Nf6 2.c4 b6 3.d4 e6 4.a3 Bb7 5.Nc3 d5 6.Bg5 Be7 7.Qa4+ Bc6 8.Qc2 dxc4
9.e4 b5 10.O-O-O Nbd7 11.h4 Rb8 12.d5 exd5 13.Nd4 Ba8 14.Nf5 O-O 15.Rh3 a5
16.Rg3 g6 17.exd5 b4 18.axb4 axb4 19.Ne4 Nxd5 20.Nxe7+ Nxe7 21.Rxd7 Bxe4
22.Rxd8 Bxc2 23.Rxf8+ Kxf8 24.Bxe7+ Kxe7 25.Kxc2 Rd8 26.Re3+ Kf6 27.Bxc4 Rd4
28.Rf3+ Ke5 29.Bxf7 Rxh4 30.Kd3 Rd4+ 31.Ke2 c5 32.b3 Rg4 33.g3 Rd4 34.Bc4 h5
35.Re3+ Kf5 36.Rd3  1-0

[Event "POL-chT2"]
[Site "Wisla"]
[Date "1998.??.??"]
[Round "?"]
[White "Palus, Ryszard"]
[Black "Stohl, Igor"]
[Result "0-1"]
[WhiteElo "2375"]
[BlackElo "2540"]

1.d4 Nf6 2.c4 e6 3.Nf3 b6 4.a3 c5 5.d5 Ba6 6.Qc2 exd5 7.cxd5 g6 8.Nc3 Bg7
9.g3 O-O 10.Bg2 d6 11.O-O Re8 12.Re1 Nbd7 13.h3 b5 14.e4 Qc8 15.Bf4 b4 16.Nd1 b3
17.Qb1 Qc7 18.Nc3 Nh5 19.Bd2 Nb6 20.g4 Nf6 21.Bf4 Nfd7 22.Qc1 c4 23.Qd2 Nc5
24.e5 Nd3 25.exd6 Qd7 26.Rxe8+ Rxe8 27.Be3 Bxc3 28.bxc3 Nxd5 29.Bd4 N5f4
30.Re1 Rxe1+  0-1

[Event "S&W Masters 8th op"]
[Site "Witley"]
[Date "1998.??.??"]
[Round "9"]
[White "Bisby, Daniel L"]
[Black "Rapoport, Evgeny"]
[Result "1/2-1/2"]
[WhiteElo "2190"]
[BlackElo "2280"]

1.Nf3 Nf6 2.d4 e6 3.c4 b6 4.a3 Bb7 5.Nc3 d5 6.cxd5 exd5 7.Bf4 Be7 8.Qa4+ c6
9.e3 O-O 10.Be2 a6 11.h3 c5 12.O-O b5 13.Qc2 c4 14.Ne5 Qe8 15.Bf3 a5 16.e4 Nxe4
17.Nxe4 f6 18.Nxf6+ Bxf6 19.Rae1 Qd8 20.Bg3 Nc6 21.Nxc6 Bxc6 22.Re6 Qc8 23.Rfe1 Qb7
24.Be5 Rae8 25.Bxf6 Rxe6 26.Rxe6 Rxf6 27.Qe2 Rxe6 28.Qxe6+ Kf8 29.Qd6+ Ke8
30.Bh5+  1/2-1/2

[Event "Basel Hilton op"]
[Site "Basel"]
[Date "1999.01.03"]
[Round "4"]
[White "Cvitan, Ognjen"]
[Black "Tukmakov, Vladimir B"]
[Result "1/2-1/2"]
[WhiteElo "2525"]
[BlackElo "2605"]

1.d4 Nf6 2.c4 e6 3.Nf3 b6 4.a3 c5 5.e3 cxd4 6.exd4 g6 7.Nc3 Bg7 8.Bf4 O-O
9.Bd6 Re8 10.Be2 Bb7 11.O-O Ne4 12.Nxe4 Bxe4 13.Ne5 Nc6 14.Re1 Ne7 15.Bxe7 Qxe7
16.Bf3 Bxf3 17.Nxf3 Rec8 18.Rc1 Rc7 19.b4 Rac8 20.Qb3 Qf6  1/2-1/2

[Event "Leverkusen 9899"]
[Site "Leverkusen"]
[Date "1999.01.03"]
[Round "7"]
[White "Berberich, Christoph"]
[Black "Thiel, Kuno"]
[Result "1/2-1/2"]
[WhiteElo "2045"]
[BlackElo "2325"]

1.d4 Nf6 2.Nf3 b6 3.c4 e6 4.a3 c5 5.Nc3 cxd4 6.Nxd4 Bb7 7.Qc2 Bc5 8.Nb3 O-O
9.Nxc5 bxc5 10.Bg5 h6 11.Bh4 Nc6 12.e3 Ne5 13.O-O-O Ng6 14.Bxf6 Qxf6 15.Rxd7 Rab8
16.f4 Nh4 17.Rg1 Nf5 18.Qf2 Bc6 19.Rc7 Rb6 20.g4 Rfb8 21.Bd3 Qd8 22.gxf5 Qxc7
23.f6 g5 24.fxg5 Rxb2 25.gxh6+ Kh8  1/2-1/2

[Event "Rilton Cup 9899"]
[Site "Stockholm"]
[Date "1999.01.03"]
[Round "6"]
[White "Khenkin, Igor"]
[Black "Akesson, Ralf"]
[Result "0-1"]
[WhiteElo "2600"]
[BlackElo "2510"]

1.d4 Nf6 2.c4 e6 3.Nf3 b6 4.a3 Bb7 5.Nc3 d5 6.cxd5 Nxd5 7.e3 Be7 8.Bb5+ c6
9.Bd3 O-O 10.Qc2 h6 11.e4 Nxc3 12.bxc3 c5 13.O-O Qc8 14.Qe2 Ba6 15.Rd1 Bxd3
16.Rxd3 Nd7 17.Bf4 Qa6 18.Ne5 Nxe5 19.Bxe5 f6 20.Bf4 cxd4 21.Bxh6 Rf7 22.cxd4 Rd8
23.Be3 f5 24.exf5 exf5 25.Rad1 Rd5 26.Bg5 Bf8 27.Qe6 Qb5 28.h4 Qd7 29.Qg6 Bc5
30.Qh5 Bf8 31.Qf3 Qe6 32.Re3 Qd7 33.Red3 Qe6 34.g3 Qe4 35.Qh5 Rfd7 36.Be3 Rd8
37.Rc3 Qe6 38.Rdc1 f4 39.Qf3 fxe3 40.fxe3 Rf5 41.Qg4 Rf1+  0-1

[Event "Basel Hilton op"]
[Site "Basel"]
[Date "1999.01.04"]
[Round "6"]
[White "Gofshtein, Leonid D"]
[Black "Sokolov, Andrei"]
[Result "0-1"]
[WhiteElo "2517"]
[BlackElo "2567"]

1.d4 Nf6 2.c4 e6 3.Nf3 b6 4.a3 Bb7 5.Nc3 d5 6.Bg5 Be7 7.Qa4+ Nbd7 8.cxd5 Nxd5
9.Nxd5 Bxg5 10.Nc3 Bf6 11.e4 O-O 12.e5 Be7 13.O-O-O a6 14.Qc2 b5 15.Bd3 h6
16.Bh7+ Kh8 17.Be4 Bxe4 18.Nxe4 b4 19.axb4 Rb8 20.h4 Rxb4 21.Rh3 Nb6 22.Qd3 Qd5
23.Ne1 Nc4 24.b3 Na5 25.Nd2 Qxd4 26.Qc2 Rd8 27.Nef3 Nxb3+ 28.Kb1 Nxd2+  0-1

[Event "BL2-N9899"]
[Site "Germany"]
[Date "1999.01.10"]
[Round "4.2"]
[White "Muse, Mladen"]
[Black "Kalinitschew, Sergey"]
[Result "0-1"]
[WhiteElo "2440"]
[BlackElo "2505"]

1.d4 Nf6 2.c4 e6 3.Nf3 b6 4.a3 Ba6 5.Qa4 c5 6.g3 cxd4 7.Bg2 Bb7 8.O-O Be7
9.Rd1 O-O 10.Bf4 Nc6 11.Nxd4 Nxd4 12.Rxd4 Qc8 13.Bxb7 Qxb7 14.Nc3 Bc5 15.Rd3 a6
16.Rad1 Rfc8 17.Rxd7 Nxd7 18.Rxd7 b5 19.Rxb7 bxa4 20.Nxa4 Bd4 21.b3 e5 22.Bd2 Ra7
23.Rb4 Rd7 24.Bc3 Ba7 25.Bxe5 Re8 26.Bf4 Rxe2 27.c5 Rc2 28.Bd6 f6 29.Nb6 Rd8
30.a4 Re8 31.a5 Ra2 32.Na4 Ree2 33.Rf4 Rec2 34.h4 h5 35.Kg2 Kf7 36.Rf3 Ke6
37.Kg1 Kd7 38.Rf4 Ke6 39.Rf3 g5 40.Kg2 g4 41.Rf4 Ra1 42.Re4+ Kf5  0-1

[Event "Hoogovens 5'"]
[Site "Wijk aan Zee"]
[Date "1999.01.18"]
[Round "6"]
[White "Kasimdzhanov, Rustam"]
[Black "Anand, Viswanathan"]
[Result "0-1"]
[WhiteElo "2595"]
[BlackElo "2784"]

1.d4 Nf6 2.Nf3 e6 3.c4 b6 4.a3 Ba6 5.Nbd2 d5 6.e3 c6 7.Be2 Be7 8.O-O O-O
9.b3 Nbd7 10.Bb2 Rc8 11.b4 dxc4 12.Nxc4 c5 13.Qa4 Bxc4 14.Bxc4 cxb4 15.Ba6 bxa3
16.Bxa3 Rc7 17.Bb2 Nb8 18.Bd3 Nc6 19.e4 Nb4 20.Bb1 a5 21.Rd1 Qa8 22.e5 Nfd5
23.Be4 Qa6 24.Qb3 Qc4 25.Qa4 Qe2 26.Bxd5 Nxd5 27.Rab1 Bb4  0-1

[Event "Copenhagen-ch"]
[Site "Copehagen"]
[Date "1999.01.24"]
[Round "3"]
[White "Holm Petersen, Sejer"]
[Black "Nilssen, John Arni"]
[Result "1-0"]
[WhiteElo "2339"]
[BlackElo "2320"]

1.d4 Nf6 2.c4 e6 3.Nf3 b6 4.a3 Ba6 5.b3 d5 6.Nbd2 c5 7.e3 Be7 8.Bb2 O-O 9.Bd3 Nc6
10.O-O Na5 11.Ne5 Rc8 12.Rc1 cxd4 13.exd4 Bb7 14.Re1 Nc6 15.Re3 dxc4 16.Nxc6 Bxc6
17.bxc4 Qd6 18.d5 exd5 19.Be5 Qe6 20.Bd4 Qd6 21.Be5 Qe6 22.Bc3 Ne4 23.cxd5 Nxc3
24.Rxe6 Nxd1 25.Rexc6 Rcd8 26.Rxd1 Rxd5 27.Rc3 Rfd8 28.Nf3 Bf6 29.Rb3 a5
30.a4 Be7 31.Kf1 Bb4 32.Ne1 g6 33.Nc2 Bc5 34.Ke2 R5d6 35.Ne3 Bb4 36.Bb5 Rxd1
37.Nxd1 Rd2+ 38.Ke1 Rd4+ 39.Rxb4 Rxb4 40.Nc3 Rd4 41.Ke2 f5 42.Nd5 Re4+ 43.Kd3 Re6
44.Ne3 Kf8 45.Nc4 Ke7 46.Ba6 Kd7 47.Bb7 Kc7 48.Bd5 Re1 49.Bg8 Rd1+ 50.Nd2 Rh1
51.h3 Rh2 52.Bxh7 Rxg2 53.Ke2 Rh2 54.Bxg6 Rxh3 55.Bxf5 Ra3 56.Bc2 Kc6 57.Bg6 Kc5
58.Be8 Kd4 59.Bb5 Ra2 60.Kd1 Ra1+ 61.Kc2 Ra2+ 62.Kc1 Ra1+ 63.Kb2 Rh1 64.Nf3+ Kd5
65.Kc2 Rh3 66.Ne1 Rh2 67.Nd3 Kd4 68.Kd2 Rh5 69.Nf4 Rh6 70.Ke2 Rf6 71.Ng2 Re6+
72.Ne3 Rf6 73.Ng2 Re6+ 74.Kf1 Rf6 75.f4 Ke4 76.Kf2 Rd6 77.Ke2 Rd4 78.Bc6+ Kf5
79.Kf3 Rd6 80.Ne3+ Kf6 81.Bb5 Rd4 82.Nc4 Kf5 83.Ne3+ Kf6 84.Bc6 Rd6 85.Bd5 Rd8
86.Ke4 Re8+ 87.Kf3 Rd8 88.Ng4+ Kg6 89.Be4+ Kf7 90.Ke3 Rb8 91.Bc6 Rc8 92.Bd5+ Ke7
93.f5 Kd6 94.Kd4 Rc5 95.Ne3 Rc1 96.f6 Rc8 97.Nf5+ Kd7 98.f7 Rf8 99.Bc4 Kc6
100.Ne7+  1-0

[Event "Mermaid Beach Club"]
[Site "Bermuda"]
[Date "1999.01.29"]
[Round "9"]
[White "Bacrot, Etienne"]
[Black "Gershon, Alik"]
[Result "1/2-1/2"]
[WhiteElo "2561"]
[BlackElo "2467"]

1.d4 Nf6 2.c4 e6 3.Nf3 b6 4.a3 Bb7 5.Nc3 d5 6.Bg5 Be7 7.Qa4+ Qd7 8.Qc2 dxc4
9.e3 Bxf3 10.gxf3 b5 11.Bxf6 Bxf6 12.a4 c6 13.axb5 cxb5 14.Qe4 O-O 15.f4 Rc8
16.Bg2 Nc6 17.O-O Rab8 18.Bh3 b4 19.Na4 Rd8 20.Nc5 Qd5 21.Bg2 Nxd4 22.exd4 Bxd4
23.Na4  1/2-1/2

[Event "HUN-ch (Women)"]
[Site "Lillafured"]
[Date "1999.02.06"]
[Round "6"]
[White "Horvath, Julia"]
[Black "Goczo, Melinda"]
[Result "1/2-1/2"]
[WhiteElo "2248"]
[BlackElo "2172"]

1.d4 Nf6 2.c4 e6 3.Nf3 b6 4.a3 Bb7 5.Nc3 d5 6.Bf4 Bd6 7.Bxd6 cxd6 8.cxd5 Nxd5
9.Rc1 O-O 10.e3 Nd7 11.Bd3 N7f6 12.O-O Qe7 13.Re1 e5 14.Nxd5 Bxd5 15.e4 Bb7
16.Qd2 Rac8 17.d5 Nd7 18.b4 Rfe8 19.Bb5 a6 20.Bc6 Rb8 21.Rc3 Red8 22.Rec1 Bc8
23.Bxd7 Bxd7 24.Rc7 Rdc8 25.h3 Qd8 26.Qc3 h6 27.Nd2 Kh7 28.Nf1 Kg8 29.Kh2 Ra8
30.Ng3 g6 31.Rc2 Rab8 32.Nf1 Ra8 33.Ne3 h5 34.g3 Rab8 35.h4 Ra8 36.Ng2 Qe8
37.Rxc8 Rxc8 38.Qd2 Rxc2 39.Qxc2 Qc8 40.Qd2 Qc4 41.Qg5 Kg7 42.Qe7 Bg4 43.Qxd6 Qxe4
44.Qc7 Bf3 45.Ne3 Qb1 46.Qxe5+ Kh7 47.g4 Qh1+ 48.Kg3 Be4 49.Qf4 Qg1+ 50.Kh3 Qh1+  1/2-1/2

[Event "Yangon schev"]
[Site "Yangon"]
[Date "1999.02.06"]
[Round "7"]
[White "May Aung Hlaing"]
[Black "Wong Meng Kong"]
[Result "1/2-1/2"]
[WhiteElo "2507"]
[BlackElo "2459"]

1.Nf3 Nf6 2.d4 e6 3.c4 b6 4.a3 Bb7 5.Nc3 d5 6.cxd5 Nxd5 7.Qc2 Be7 8.e4 Nxc3
9.bxc3 O-O 10.Bd3 c5 11.O-O Qc8 12.Qe2 cxd4 13.cxd4 Ba6 14.Rd1 Qb7 15.Bb2 Rd8  1/2-1/2

[Event "HUN-ch"]
[Site "Lillafured"]
[Date "1999.02.08"]
[Round "8"]
[White "Chernin, Alexander"]
[Black "Almasi, Zoltan"]
[Result "1/2-1/2"]
[WhiteElo "2604"]
[BlackElo "2665"]

1.d4 Nf6 2.c4 e6 3.Nf3 b6 4.a3 c5 5.d5 Ba6 6.Qc2 exd5 7.cxd5 g6 8.Nc3 Bg7
9.g3 O-O 10.Bg2 d6 11.O-O Re8 12.Re1 Nbd7 13.h3 b5 14.Bf4 Qb6 15.e4 Rac8
16.Be3 Bb7 17.Nd2 Ne5 18.Rac1 Ba6 19.b4 Ned7 20.Nb3 Qd8 21.Qa2 Nh5 22.bxc5 dxc5
23.g4 Nhf6 24.f4 Bb7 25.Bf2 c4 26.Nd4 Nc5 27.Ndxb5 Nd3 28.Qd2 a6 29.Nd4 Qa5
30.d6 Nd7 31.e5 Bxg2 32.Kxg2 g5  1/2-1/2

[Event "Goodricke 10th op"]
[Site "Calcutta"]
[Date "1999.02.10"]
[Round "5"]
[White "Chiong, Luiz"]
[Black "Ravi, Thandalam Shanmugam"]
[Result "1-0"]
[WhiteElo "2390"]
[BlackElo "2335"]

1.d4 Nf6 2.c4 e6 3.Nf3 b6 4.a3 Bb7 5.Nc3 d5 6.cxd5 Nxd5 7.Qc2 Be7 8.Bd2 O-O
9.e4 Nxc3 10.Bxc3 Nd7 11.Rd1 Rc8 12.Bc4 Nf6 13.Bd3 g6 14.O-O c5 15.Qe2 Nh5
16.d5 exd5 17.exd5 Bf6 18.Ba6 Re8 19.Qc4 Bxa6 20.Qxa6 Rc7 21.Rd2 Rd7 22.Rfd1 Re4
23.Qd3 Qe8 24.g3 Rd6 25.Kg2 h6 26.h4 Bxc3 27.bxc3 Nf6 28.c4 a6 29.Qc2 Qd7
30.Re2 Qg4 31.Rxe4 Qxe4 32.Qc1 Ng4 33.Re1 Qf5 34.Re8+ Kh7 35.Qc3 Rf6 36.a4 b5
37.axb5 axb5 38.cxb5 Qxd5 39.h5 Qb7 40.hxg6+ fxg6 41.Qd3 c4 42.Qe4 Qxe4 43.Rxe4 h5
44.Rxc4 Kh6 45.Rb4 Rb6 46.Nd2 Ne5 47.f4 Nd3 48.Rb1 h4 49.Nc4 Rb8 50.b6 hxg3
51.Kxg3 Nc5 52.Na5 Rf8 53.Rb5 Rf5 54.Kg2 Nd7 55.Rxf5 gxf5 56.b7 Nb8 57.Kf3 Kh5
58.Ke3 Kg4 59.Nc4 Kg3 60.Ne5 Kg2 61.Kd4 Kg3 62.Kc5 Kxf4 63.Nc6 Na6+ 64.Kb6  1-0

[Event "Belisce Metalis op 6th"]
[Site "Belisce"]
[Date "1999.02.26"]
[Round "4"]
[White "Medic, Mirjana"]
[Black "Cebalo, Miso"]
[Result "1/2-1/2"]
[WhiteElo "2327"]
[BlackElo "2511"]

1.d4 Nf6 2.c4 e6 3.Nf3 b6 4.a3 Ba6 5.Qc2 c5 6.Bg5 Bb7 7.dxc5 bxc5 8.Nc3 Bxf3
9.gxf3 Nc6 10.Bg2 Rb8 11.O-O Nd4 12.Qa4 Rxb2 13.Qxa7 Be7 14.Rab1 Nc6 15.Qa4 Qb8
16.f4 Nd4 17.Qd1 h6 18.Bxf6 gxf6 19.e3 Nf5 20.Ne4 Nh4 21.Rxb2 Qxb2 22.Qb1 Qxb1
23.Rxb1 f5 24.Rb8+ Bd8 25.Ng3 Nxg2 26.Kxg2 Ke7 27.a4 Kd6 28.f3 Kc7 29.Rb5 Be7
30.e4 Rg8 31.a5 fxe4 32.fxe4 d6 33.Kf3 Kc6 34.Rb6+ Kc7  1/2-1/2

[Event "Oberliga Sued W9899"]
[Site "Wuertemberg"]
[Date "1999.02.28"]
[Round "7"]
[White "Berezovsky, Igor"]
[Black "Bauer, Peter"]
[Result "1-0"]
[WhiteElo "2375"]
[BlackElo "2245"]

1.d4 Nf6 2.Nf3 e6 3.c4 b6 4.a3 Ba6 5.Qc2 Bb7 6.Nc3 c5 7.e4 cxd4 8.Nxd4 Bc5
9.Nb3 Nc6 10.Bf4 O-O 11.Rd1 e5 12.Bg5 Nd4 13.Nxd4 exd4 14.Nd5 Bxd5 15.cxd5 Rc8
16.Qd3 h6 17.Bxf6 Qxf6 18.g3 b5 19.Bh3 Rc7 20.O-O a6 21.f4 d6 22.Rde1 Qd8
23.Bg2 Bb6 24.e5 Kh8 25.Kh1 Re7 26.Qf5 Qc8 27.Qh5 Qe8 28.Be4 f6 29.Qxe8 Rfxe8
30.Bg6 Rd8 31.exd6 Red7 32.Re7 Rxd6 33.Rfe1 Rf8 34.Re8 Rd8 35.Rxf8+ Rxf8
36.d6 Bd8 37.d7 Kg8 38.Re8 Bb6 39.Kg2 Bd8 40.Kf3 Bb6 41.Ke4 f5+ 42.Kd3 a5
43.b4  1-0

[Event "Bucharest TIT"]
[Site "Bucharest"]
[Date "1999.03.01"]
[Round "1"]
[White "Solcanean, Serghei"]
[Black "Vasiesiu, Dan"]
[Result "0-1"]
[WhiteElo "2260"]
[BlackElo "2388"]

1.d4 Nf6 2.Nf3 e6 3.c4 b6 4.a3 Ba6 5.b3 d5 6.Nc3 Be7 7.Bf4 O-O 8.e3 dxc4
9.bxc4 c5 10.d5 exd5 11.cxd5 Bxf1 12.Kxf1 Bd6 13.Bxd6 Qxd6 14.e4 Nbd7 15.g3 Rae8
16.Nd2 Qe5 17.Rc1 b5 18.f3 a6 19.Kg2 Nb6 20.Re1 c4 21.Ndb1 Qd6 22.Qd4 Nfd7
23.Rcd1 f6 24.f4 Rf7 25.Re3 Rfe7 26.Rde1 Nc8 27.Na2 Qc5 28.Qxc5 Nxc5 29.Nbc3 Nd6
30.Nb4 Nf5 31.R3e2 Nd4 32.Re3 Nf5 33.R3e2 Nd4 34.Re3 a5 35.Nc6 Nxc6 36.dxc6 Nd3
37.R1e2 b4 38.axb4 axb4 39.Nd5 Ra7 40.c7 b3 41.Nb6 Rxc7 42.Nxc4 Nc1 43.Nd6 Nxe2
44.Nxe8 Rc3  0-1

[Event "Karpov-Piket Match"]
[Site "Monaco"]
[Date "1999.03.01"]
[Round "7"]
[White "Piket, Jeroen"]
[Black "Karpov, Anatoly"]
[Result "1/2-1/2"]
[WhiteElo "2615"]
[BlackElo "2710"]

1.d4 Nf6 2.c4 e6 3.Nf3 b6 4.a3 Bb7 5.Nc3 d5 6.cxd5 Nxd5 7.Bd2 Nd7 8.Qc2 Be7
9.e4 Nxc3 10.Bxc3 O-O 11.O-O-O Qc8 12.h4 Rd8 13.Rh3 Nf8 14.h5 c5 15.Rg3 cxd4
16.Nxd4 Bf6 17.Nb5 Rxd1+ 18.Qxd1 Qc5 19.Qg4 Bxc3 20.Nxc3 Qd4 21.Qf4 Rc8 22.Bd3 Nd7
23.h6 g6 24.Bc2 Qe5 25.Qd2 Nf6 26.Rd3 Kf8 27.f3 g5 28.Kb1 Ke7 29.Ba4 Bc6
30.Bxc6 Rxc6 31.Rd8 a6 32.Ra8 Rd6 33.Qe2 b5 34.Qe3 Nd7 35.Ra7 Kf6 36.g3 Kg6
37.f4 Qd4 38.Qe1 Qd3+ 39.Ka1 Qd4 40.Rc7 Qd3 41.e5 Rd4 42.fxg5 b4 43.axb4 Rxb4
44.Qf2 Kxg5 45.Qxf7 Ra4+ 46.Nxa4 Qd1+ 47.Ka2 Qxa4+ 48.Kb1 Qe4+ 49.Rc2 Qe1+  1/2-1/2

[Event "ISR-chT"]
[Site "Israel"]
[Date "1999.03.05"]
[Round "6"]
[White "Lahav, Ehud"]
[Black "Tsesarsky, Ilya"]
[Result "1/2-1/2"]
[WhiteElo "2355"]
[BlackElo "2430"]

1.d4 Nf6 2.Nf3 e6 3.c4 b6 4.a3 Ba6 5.e3 c5 6.Nc3 cxd4 7.exd4 Qc7 8.Nb5 Bxb5
9.cxb5 d5 10.Bd3 Nbd7 11.O-O Bd6 12.Re1 O-O 13.Qe2 Rac8 14.Bd2 Bf4 15.Bc3 g6
16.g3 Bh6 17.a4 Rfd8 18.Nd2 Ne8 19.f4 Ndf6 20.a5 Nd6 21.axb6 axb6 22.Ra6 Bg7
23.Rea1 Rb8 24.R1a4 h5 25.Nf3 Nfe4 26.Be1 f6 27.Bb4 f5 28.Ne5 Bxe5 29.fxe5 Nf7
30.Ra7 Rb7 31.Ra8 Rxa8 32.Rxa8+ Rb8 33.Qc2 Qb7 34.Rxb8+ Qxb8 35.Qc6 Neg5
36.Kg2 Qa7 37.Qe8+ Kh7 38.h4 Qa1 39.Bc3 Qd1 40.hxg5 Nxg5 41.Qe7+ Kh6 42.Qf8+ Kh7
43.Qe7+  1/2-1/2

[Event "Chess Masters 3rd"]
[Site "Enghien-les-Bains"]
[Date "1999.03.07"]
[Round "5"]
[White "Lautier, Joel"]
[Black "Rausis, Igors"]
[Result "1-0"]
[WhiteElo "2596"]
[BlackElo "2508"]

1.d4 Nf6 2.c4 e6 3.Nf3 b6 4.a3 Bb7 5.Nc3 Be7 6.d5 O-O 7.e4 d6 8.Be2 c6 9.O-O Nbd7
10.dxe6 fxe6 11.Ng5 Nc5 12.b4 h6 13.bxc5 hxg5 14.cxb6 axb6 15.Bxg5 Nd7 16.Be3 Bf6
17.Qxd6 Bxc3 18.Rad1 Rf7 19.Bg4 Qf8 20.Bxe6 Qxd6 21.Rxd6 Nf8 22.Bxf7+ Kxf7
23.Bxb6 Rxa3 24.Rb1 Be5 25.Rd8 Ra4 26.f4 Bf6 27.Rb8 Ba8 28.e5 Nd7 29.Rc8 Be7
30.Bf2 c5 31.Rc7 Be4 32.Rd1 Bf5 33.h3 Rxc4 34.g4 Be6 35.f5 Bxf5 36.gxf5 Nxe5
37.Rd5 Kf6 38.Rxe7  1-0